Detalles MARC
| 000 -Cabecera |
| Campo de control de longitud fija |
01198aam a2200409 4500 |
| 005 - Fecha y hora de la última transacción |
| Campo de control |
20251128115725.0 |
| 008 - Elementos de longitud fija--Información general |
| Campo de control de longitud fija |
150624b2010 xxu||||| |||| 00| 0 spa d |
| 020 ## - International Standard Book Number |
| Número Internacional Estándar del Libro (ISBN) |
9789589076330 |
| 041 ## - Idioma |
| Código de idioma |
Español |
| 082 ## - Clasificación Decimal Dewey |
| Número de clasificación |
617.643 UR76o2 |
| 100 ## - Entrada principal--Autor personal |
| Nombre personal |
Uribe Restrepo, Gonzálo Alonso |
| 9 (RLIN) |
25661 |
| 245 ## - Título propiamente dicho |
| Título |
Ortodoncia teoría clínica |
| 250 ## - Edición |
| Mención de edición |
2 edición |
| 260 ## - Pie de imprenta |
| Lugar de publicación, distribución, etc. |
Colombia |
| 260 ## - Pie de imprenta |
| Nombre del editor, distribuidor, etc. |
Corporación para Investigaciones Biológicas |
| 260 ## - Pie de imprenta |
| Fecha de publicación, distribución, etc. |
2010 |
| 300 ## - Descripción física |
| Extensión |
1312 páginas |
| 300 ## - Descripción física |
| Otras características físicas |
Ilustraciones a color |
| 490 ## - Serie |
| Título de la Serie |
Mecánica Dental |
| 650 ## - Materia general |
| Temática (materia general) |
ORTODONCIA |
| 650 ## - Materia general |
| Temática (materia general) |
CRECIMIENTO Y DESARROLLO CRANEOFACIAL |
| 650 ## - Materia general |
| Temática (materia general) |
ANÁLISIS DE ARCOS DENTALES |
| 650 ## - Materia general |
| Temática (materia general) |
PERFIL FACIAL |
| 650 ## - Materia general |
| Temática (materia general) |
BRACKETS |
| 650 ## - Materia general |
| Temática (materia general) |
MALOCLUSIÓN |
| 650 ## - Materia general |
| Temática (materia general) |
ERUPCIÓN Y EXTRACCIÓN SERIADA |
| 650 ## - Materia general |
| Temática (materia general) |
PROBLEMAS TRANSVERSALES DEL MAXILAR |
| 650 ## - Materia general |
| Temática (materia general) |
ORTODONCIA LINGUAL |
| 650 ## - Materia general |
| Temática (materia general) |
ANÁLISIS MECÁNICO DEL ANCLAJE |
| 650 ## - Materia general |
| Temática (materia general) |
TRACCIÓN CERVICAL |
| 650 ## - Materia general |
| Temática (materia general) |
BLANQUEAMIENTO DENTAL |
| 650 ## - Materia general |
| Temática (materia general) |
INSTRUMENTOS EN ORTODONCIA |
| 650 ## - Materia general |
| Temática (materia general) |
MORDIDA |
| 650 ## - Materia general |
| Temática (materia general) |
ARTICULACIÓN TEMPOROMANDIBULAR |
| 650 ## - Materia general |
| Temática (materia general) |
BIOSEGURIDAD EN ORTODONCIA |
| 942 ## - Punto de acceso adicional KOHA |
| Tipo de ítem KOHA |
Libro |
| Fuente del sistema de clasificación o colocación |
Dewey Decimal Classification |